| 000 | 00387nam a2200181Ia 4500 | ||
|---|---|---|---|
| 005 | 20251020182538.0 | ||
| 008 | 200515s9999 xx 000 0 und d | ||
| 082 | _a728(083.9)/P85 | ||
| 110 | _aIninvi | ||
| 245 | 0 | _aPrevi resultados y conclusiones | |
| 260 | _aLima | ||
| 260 | _c1988 | ||
| 300 | _a40 | ||
| 500 | _a1 ejemplar | ||
| 650 | _aLIB | ||
| 650 | _aPREVI | ||
| 942 | _cLIB | ||
| 999 |
_c2311 _d2311 |
||